000 00518aam a2200205 4500
005 20250520155757.0
008 150603b xxu||||| |||| 00| 0 spa d
020 _a9780194790710
041 _aING
082 _a891.63 D754s
100 _aDoyle, Arthur Conan
_911713
245 _aSherlock Holmes: short stories
260 _aEstados Unidos
260 _bOxford University Press
260 _c2008
300 _a56 páginas
650 _aLITERATURA ESCOCESA
650 _aNOVELA ESCOCESA
942 _cLIT
_2ddc
999 _c2544
_d2544